000 00620nam a2200217 i 4500
001 131248
003 ES-MaACL
005 20240208063113.0
007 t|
008 070214s1965 sp r ||||1| spa d
080 _a929 Pineda, Mariana
100 1 _aRodrigo, Antonina,
_d1935-
_998170
245 1 0 _aMariana de Pineda /
_cAntonina Rodrigo.
260 _aMadrid :
_bAlfaguara,
_c1965.
300 _a351 p., XLI lám. ;
_c18 cm.
490 1 _aLos ojos abiertos
600 1 4 _aPineda, Mariana.
_992099
830 1 _aLos ojos abiertos
_9219561
852 4 _aES-MaACL
_jC-27244
999 _c131248
_d131248